000
00235 a2200097 4500
001
13024
100
_a
Leishman,J.G
245
_a
Principles of Helicopter Aerodynamics
260
_a
_b
Cambridge University Press
_c
090
_c
10032
_d
10032
942
_a
NUST-CAE
_c
M
_c
40
999
_c
248097
_d
248097